Debout l'Europe! : (Record no. 57917)

MARC details
000 -LEADER
campo de control de longitud fija 01517cam a2200409 i 4500
001 - NÚMERO DE CONTROL
campo de control 119986
005 - FECHA Y HORA DE LA ÚLTIMA TRANSACCIÓN
campo de control 20230410121110.0
008 - DATOS DE LONGITUD FIJA--INFORMACIÓN GENERAL
campo de control de longitud fija 121123s2012 be 000 0dfre
035 ## - NÚMERO DE CONTROL DEL SISTEMA
Número de control de sistema 17564997
010 ## - NÚMERO DE CONTROL DE LA BIBLIOTECA DEL CONGRESO
Número de control de LC 2013367038
020 ## - NÚMERO INTERNACIONAL ESTÁNDAR DEL LIBRO
Número Internacional Estándar del Libro 9782874951978 (pbk.)
020 ## - NÚMERO INTERNACIONAL ESTÁNDAR DEL LIBRO
Número Internacional Estándar del Libro 2874951978 (pbk.)
040 ## - FUENTE DE CATALOGACIÓN
Centro catalogador/agencia de origen DLC
Lengua de catalogación eng
Centro/agencia transcriptor DLC
Normas de descripción rda
042 ## - CÓDIGO DE AUTENTICACIÓN
Código de autenticación pcc
043 ## - CÓDIGO DE ÁREA GEOGRÁFICA
Código de área geográfica e------
-- e-fr---
-- e-be---
050 14 - SIGNATURA TOPOGRÁFICA DE LA BIBLIOTECA DEL CONGRESO
Número de clasificación JN 30
Número de ítem C678d 2012
082 00 - NÚMERO DE LA CLASIFICACIÓN DECIMAL DEWEY
Número de clasificación 320.94
100 1# - ENTRADA PRINCIPAL--NOMBRE DE PERSONA
Nombre de persona Cohn-Bendit, Daniel.
245 10 - MENCIÓN DEL TÍTULO
Título Debout l'Europe! :
Resto del título manifeste pour une révolution postnationale en Europe ; Suivi d'un entretien avec Jean Quatremer /
Mención de responsabilidad, etc. Daniel Cohn-Bendit, Guy Verhofstadt.
260 ## - PUBLICACIÓN, DISTRIBUCIÓN, ETC.
Lugar de publicación, distribución, etc. Bruxelles, Belgique :
Nombre del editor, distribuidor, etc. André Versaille éditeur ;
Lugar de publicación, distribución, etc. [Arles] :
Nombre del editor, distribuidor, etc. Actes Sud,
Fecha de publicación, distribución, etc. [2012]
300 ## - DESCRIPCIÓN FÍSICA
Extensión 157 p. ;
Dimensiones 18 cm
600 10 - PUNTO DE ACCESO ADICIONAL DE MATERIA--NOMBRE DE PERSONA
Nombre de persona Cohn-Bendit, Daniel
Subdivisión de forma Interviews.
600 10 - PUNTO DE ACCESO ADICIONAL DE MATERIA--NOMBRE DE PERSONA
Nombre de persona Verhofstadt, Guy,
Fechas asociadas al nombre 1953-
Subdivisión de forma Interviews.
650 #0 - PUNTO DE ACCESO ADICIONAL DE MATERIA--TÉRMINO DE MATERIA
Término de materia o nombre geográfico como elemento de entrada Federal government
Subdivisión geográfica European Union countries.
650 #0 - PUNTO DE ACCESO ADICIONAL DE MATERIA--TÉRMINO DE MATERIA
Término de materia o nombre geográfico como elemento de entrada Politicians
Subdivisión geográfica France
Subdivisión de forma Interviews.
650 #0 - PUNTO DE ACCESO ADICIONAL DE MATERIA--TÉRMINO DE MATERIA
Término de materia o nombre geográfico como elemento de entrada Politicians
Subdivisión geográfica Belgium
Subdivisión de forma Interviews.
651 #0 - PUNTO DE ACCESO ADICIONAL DE MATERIA--NOMBRE GEOGRÁFICO
Nombre geográfico European Union countries
Subdivisión general Politics and government
Subdivisión cronológica 21st century.
651 #4 - PUNTO DE ACCESO ADICIONAL DE MATERIA--NOMBRE GEOGRÁFICO
Nombre geográfico Países de la Unión Europea
Subdivisión general Política y gobierno
650 #4 - PUNTO DE ACCESO ADICIONAL DE MATERIA--TÉRMINO DE MATERIA
Término de materia o nombre geográfico como elemento de entrada Gobierno federal
Subdivisión geográfica Europa.
651 #4 - PUNTO DE ACCESO ADICIONAL DE MATERIA--NOMBRE GEOGRÁFICO
Nombre geográfico Unión Europea
Subdivisión general Política y gobierno.
700 1# - ENTRADA AGREGADA--NOMBRE PERSONAL
Nombre de persona Verhofstadt, Guy,
Fechas asociadas al nombre 1953-
700 1# - ENTRADA AGREGADA--NOMBRE PERSONAL
Nombre de persona Quatremer, Jean,
Término indicativo de función/relación interviewer.
925 0# -
-- acquire
-- 1 shelf copy
-- policy default
942 ## - ELEMENTOS DE ENTRADA SECUNDARIOS (KOHA)
Fuente del sistema de clasificación o colocación Clasificación de Library of Congress
Tipo de ítem Koha
923 ## -
-- 20121114
-- 20032085
-- V00009436
946 ## - PROCESAMIENTO DE INFORMACIÓN LOCAL (OCLC)
a JaaM
Holdings
Estatus retirado Estado de pérdida Fuente del sistema de clasificación o colocación Estado de daño No para préstamo Colección Biblioteca de origen Biblioteca actual Ubicación en estantería Fecha de adquisición Serial enumeration / chronology Signatura topográfica completa Código de barras Visto por última vez Copia número Tipo de ítem Koha
    Clasificación de Library of Congress     Ciencias Sociales Biblioteca Juan Bosch Biblioteca Juan Bosch Ciencias Sociales (3er. Piso) 10/04/2023 1 JN 30 C678d 2012 00000113113 24/10/2018 1